| Registos Bibliográficos associados ao registo de autoridade |
|
Etiqueta de registo: 00000nam 2200025 450 001 1961574 003 http://id.bnportugal.gov.pt/bib/catbnp/1961574 100 ## $a20170504d2015 k y0pory01030103ba 101 0# $aeng$dpor 102 ## $aPT 105 ## $aa m 000yy 106 ## $ar 200 1# $aASBGo$e a smart walker for mobility assistance and monitoring system aid$fMaria Manuel Carvalho de Freitas Martins$gorient. Cristina Manuela Peixoto Santos, Anselmo Frizera Neto, Ramón Ceres Ruiz 210 #9 $a[Braga$cs.n.],$d2015 215 ## $aXV, 291 p.$cil.$d30 cm 328 #1 $aTese dout. Biomedical Engineering, Escola de Engenharia, Univ. do Minho, 2015 675 ## $a681.51(043)$vBN$zpor$31239597 675 ## $a615.47(043)$vBN$zpor$31229369 700 #1 $aMartins,$bMaria Manuel Carvalho de Freitas$31679934 702 #1 $aSantos,$bCristina Manuela Peixoto$4727$31596673 702 #1 $aNeto,$bAnselmo Frizera$4727$31679936 702 #1 $aCeres Ruiz,$bRamón$4727$31679937 801 #0 $aPT$bBN$gRPC 966 ## $lBN$mFGMON$sS.A. 165710 V.$x1
|
|
|